Name the Greek Gods from Percy Jackson and the Olympians - Statistics

General Stats
  • This quiz has been taken 176 times
  • The average score is 18 of 25
Answer Stats
Hint Answer % Correct
God Of Olympus Zeus
100%
God of the Underworld Hades
96%
Goddess of Marriage and Family Hera
96%
God of the Ocean Poseidon
95%
Goddess of Love Aphrodite
93%
Titan of Time Kronos
91%
God of he Sun Apollo
89%
God of War Ares
89%
Goddess of Wisdom Athena
89%
God of Messengers Hermes
88%
Goddess of the Hunt Artemis
86%
Goddess of the Harvest Demeter
81%
God of Wine Dionysus
81%
God of Blacksmiths Hephaestus
76%
Goddess of Springtime Persephone
76%
God of the Wild Pan
70%
Goddess of the Hearth Hestia
64%
Goddess of Balance and Retribution Nemesis
54%
Titan of Ogygia Calypso
52%
Titan of the ocean Oceanus
49%
God of Decisions Janus
45%
God of Dreams Morpheus
39%
Titan of Endurance Atlas
35%
Titan of Forethought Prometheus
31%
God of Waves Triton
29%
No matching quizzes found
Score Distribution
Percent of People with Each Score
Percentile by Number Answered
Your Score History
You have not taken this quiz